Statistics for Missouri General Knowledge

Click here to take the quiz!

General Stats

  • This quiz has been taken 95 times
  • The average score is 11 of 15

Answer Stats

HintAnswer% Correct
Capital city in MissouriJefferson City
92%
Major city along the Mississippi RiverSt. Louis
92%
Major city known for BBQ and JazzKansas City
90%
MLB Team in St. LouisCardinals
88%
NFL team in above cityChiefs
86%
Nickname: ____-__ StateShow Me
82%
33rd U.S. president born in Lamar, MissouriHarry S. Truman
80%
630-foot monument in downtown St. LouisGateway Arch
78%
Very famous writer and publisher and from MissouriMark Twain
78%
City where one of the most deadly tornadoes hitJoplin
71%
Major city in missouri, Location of Missouri StateSpringfield
67%
Popular amusement park in Branson.Silver Dollar City
57%
Famous rapper born in Saint JosephEminem
49%
Artificial lake or reservoir in the Ozarks near BransonTable Rock
43%
agricultural biotechnology corporation HQed in St. LouisMonsanto
35%

Score Distribution

Percentile by Number Answered

Percent of People with Each Score

Your Score History

You have not taken this quiz